[Event "Stuttgart-chB int"]
[Site "Ditzingen"]
[Date "2014.05.29"]
[Round "1"]
[White "Vogel, Karlheinz"]
[Black "Bauer, Frank"]
[Result "1-0"]
[WhiteElo "1706"]
[BlackElo "1350"]
[PlyCount "79"]
[EventDate "2014.05.29"]
[EventType "swiss"]
[EventRounds "7"]
[EventCountry "GER"]
[SourceTitle "EXT 2015"]
[Source "ChessBase"]
[SourceDate "2014.11.20"]
[SourceVersion "1"]
[SourceVersionDate "2014.11.20"]
[SourceQuality "1"]

1. d4 f5 2. c4 Nf6 3. Bg5 c6 4. Bxf6 exf6 5. Nc3 Bb4 6. Rc1 0-0 7. Qb3 Be7 8. g3 Qe8 9. Bg2 Na6 10. c5+ Kh8 11. e3 d6 12. cxd6 Bxd6 13. Nge2 Rb8 14. Nf4 Bxf4 15. gxf4 Bd7 16. Na4 g5 17. fxg5 fxg5 18. 0-0 Qg6 19. Nc5 Nxc5 20. Rxc5 f4 21. exf4 gxf4 22. Qf3 Rg8 23. Kh1 Rbe8 24. h4 Bg4 25. Qxf4 Rgf8 26. Qg5 Bf3 27. Qxg6 hxg6 28. Re5 Rxe5 29. dxe5 Bd5 30. Bxd5 cxd5 31. f4 Rf5 32. Kg2 Kg7 33. Kf3 Kf7 34. Rc1 Ke6 35. Rc7 Rf7 36. Rxf7 Kxf7 37. Ke3 Ke6 38. Kd4 b6 39. b4 a6 40. a4 1-0

[Event "Regionalliga SO 1314"]
[Site "Bayern"]
[Date "2014.02.09"]
[Round "6.8"]
[White "Bauer, Frank"]
[Black "Hecker, Rafael"]
[Result "1/2-1/2"]
[WhiteElo "1942"]
[BlackElo "1851"]
[PlyCount "36"]
[EventDate "2013.10.13"]
[EventType "team-tourn"]
[EventRounds "9"]
[EventCountry "GER"]
[SourceTitle "EXT 2015"]
[Source "ChessBase"]
[SourceDate "2014.11.20"]
[SourceVersion "1"]
[SourceVersionDate "2014.11.20"]
[SourceQuality "1"]
[WhiteTeam "Ebersberg Grafing"]
[BlackTeam "Waldkraiburg"]
[WhiteTeamCountry "GER"]
[BlackTeamCountry "GER"]

1. c4 Nf6 2. Nc3 g6 3. g3 Bg7 4. Bg2 0-0 5. Nf3 d6 6. 0-0 e5 7. d3 Nbd7 8. Rb1 a5 9. a3 Nc5 10. b4 axb4 11. axb4 Ne6 12. h3 Nh5 13. Qb3 Kh8 14. Ba3 f5 15. c5 f4 16. g4 Nf6 17. cxd6 cxd6 18. b5 Qb6 1/2-1/2

[Event "Regionalliga SO 1314"]
[Site "Bayern"]
[Date "2014.01.19"]
[Round "5.6"]
[White "Goedel, Robert"]
[Black "Bauer, Frank"]
[Result "1-0"]
[WhiteElo "2032"]
[BlackElo "1942"]
[PlyCount "47"]
[EventDate "2013.10.13"]
[EventType "team-tourn"]
[EventRounds "9"]
[EventCountry "GER"]
[SourceTitle "EXT 2015"]
[Source "ChessBase"]
[SourceDate "2014.11.20"]
[SourceVersion "1"]
[SourceVersionDate "2014.11.20"]
[SourceQuality "1"]
[WhiteTeam "Starnberger See"]
[BlackTeam "Ebersberg Grafing"]
[WhiteTeamCountry "GER"]
[BlackTeamCountry "GER"]

1. d4 Nf6 2. c4 e6 3. Nc3 Bb4 4. e3 0-0 5. a3 Bxc3+ 6. bxc3 c5 7. Bd3 Nc6 8. Ne2 b6 9. 0-0 d6 10. e4 e5 11. f4 Ba6 12. fxe5 dxe5 13. Bg5 cxd4 14. Ng3 dxc3 15. Bxf6 gxf6 16. Nh5 f5 17. Rxf5 Ne7 18. Qg4+ Ng6 19. Nf6+ Kg7 20. Qh3 h6 21. Raf1 Bc8 22. Qxh6+ Kxh6 23. Rh5+ Kg7 24. Rh7# 1-0

[Event "Stuttgart-chC int"]
[Site "Ditzingen"]
[Date "2013.05.09"]
[Round "2"]
[White "Bauer, Frank"]
[Black "Spasovski, Dusan"]
[Result "1/2-1/2"]
[WhiteElo "1304"]
[BlackElo "1111"]
[PlyCount "55"]
[EventDate "2013.05.09"]
[EventType "swiss"]
[EventRounds "7"]
[EventCountry "GER"]
[SourceTitle "EXT 2014"]
[Source "ChessBase"]
[SourceDate "2013.11.20"]
[SourceVersion "1"]
[SourceVersionDate "2013.11.20"]
[SourceQuality "1"]

1. d4 e6 2. c4 d5 3. Nf3 c6 4. g3 Nf6 5. cxd5 cxd5 6. Bg2 Be7 7. 0-0 0-0 8. Nc3 Nc6 9. Bf4 Bd6 10. Bxd6 Qxd6 11. Rc1 e5 12. dxe5 Nxe5 13. Nxe5 Qxe5 14. h3 Be6 15. e3 Qd6 16. Qd4 Qd7 17. Kh2 Rac8 18. Qxa7 Rc7 19. Qd4 Rc4 20. Qd3 d4 21. exd4 Rxd4 22. Qb5 Qxb5 23. Nxb5 Rb4 24. Nc3 Rxb2 25. Rb1 Rc2 26. Ne4 Nxe4 27. Bxe4 Rxa2 28. Kg2 1/2-1/2

[Event "Stuttgart-chC int"]
[Site "Ditzingen"]
[Date "2013.05.09"]
[Round "1"]
[White "Finkbeiner, Alina"]
[Black "Bauer, Frank"]
[Result "0-1"]
[WhiteElo "981"]
[BlackElo "1304"]
[PlyCount "30"]
[EventDate "2013.05.09"]
[EventType "swiss"]
[EventRounds "7"]
[EventCountry "GER"]
[SourceTitle "EXT 2014"]
[Source "ChessBase"]
[SourceDate "2013.11.20"]
[SourceVersion "1"]
[SourceVersionDate "2013.11.20"]
[SourceQuality "1"]

1. e4 e5 2. Nf3 d6 3. h3 Nf6 4. Nc3 Be7 5. Bd3 c6 6. b3 0-0 7. Bb2 Nbd7 8. Nh4 Nc5 9. Qf3 Nxd3+ 10. Qxd3 Nh5 11. Nf5 Bxf5 12. exf5 d5 13. Qe2 Nf6 14. Qxe5 Bd6 15. Qe3 Re8 0-1

[Event "Regionalliga SO 0809"]
[Site "Bayern"]
[Date "2008.10.26"]
[Round "2.6"]
[White "Kranewitter, Norbert"]
[Black "Bauer, Frank"]
[Result "1-0"]
[WhiteElo "1984"]
[BlackElo "1935"]
[PlyCount "79"]
[EventDate "2008.10.05"]
[EventType "team-tourn"]
[EventRounds "9"]
[EventCountry "GER"]
[SourceTitle "EXT 2020"]
[Source "ChessBase"]
[SourceDate "2019.10.17"]
[SourceVersion "1"]
[SourceVersionDate "2019.10.17"]
[SourceQuality "1"]
[WhiteTeam "Pang/Rosenheim II"]
[BlackTeam "Ebersberg"]
[WhiteTeamCountry "GER"]
[BlackTeamCountry "GER"]

1. Nf3 Nf6 2. c4 g6 3. Nc3 Bg7 4. e4 d6 5. d4 0-0 6. Be2 e5 7. 0-0 Nc6 8. d5 Ne7 9. b4 a5 10. Ba3 axb4 11. Bxb4 b6 12. a4 Nd7 13. a5 h6 14. axb6 Rxa1 15. Qxa1 Nxb6 16. Qa7 Bd7 17. Rc1 f5 18. Nd2 fxe4 19. Ndxe4 Nf5 20. c5 Nc8 21. Qa3 dxc5 22. Nxc5 Re8 23. Nxd7 Qxd7 24. Bb5 Qf7 25. Bxe8 Qxe8 26. Ne4 Nb6 27. Qa2 Qf7 28. Ba5 Qxd5 29. Qxd5+ Nxd5 30. Bxc7 Nxc7 31. Rxc7 Kf8 32. Kf1 Kg8 33. Ke2 Kf8 34. Kd3 Kg8 35. Kc4 Kf8 36. Kd5 Kg8 37. Rb7 Kf8 38. Nc5 Kg8 39. Nd7 Nd4 40. Nxe5 1-0

[Event "Regionalliga SO 0708"]
[Site "Bayern"]
[Date "2007.12.09"]
[Round "4.7"]
[White "Bauer, Frank"]
[Black "Soergel, Thomas"]
[Result "0-1"]
[WhiteElo "1928"]
[BlackElo "1978"]
[PlyCount "72"]
[EventDate "2007.10.21"]
[EventType "team-tourn"]
[EventRounds "9"]
[EventCountry "GER"]
[SourceTitle "EXT 2009"]
[Source "ChessBase"]
[SourceDate "2008.11.26"]
[SourceVersion "1"]
[SourceVersionDate "2008.11.26"]
[SourceQuality "1"]
[WhiteTeam "Ebersberg"]
[BlackTeam "Graefelfing"]
[WhiteTeamCountry "GER"]
[BlackTeamCountry "GER"]

1. c4 e6 2. Nc3 Nf6 3. g3 d5 4. Bg2 c6 5. b3 Be7 6. Nf3 0-0 7. 0-0 d4 8. Nb1 Qd6 9. d3 e5 10. Ba3 Qc7 11. b4 a5 12. bxa5 Bxa3 13. Nxa3 Rxa5 14. Nc2 c5 15. Qd2 Nc6 16. Rfb1 Bd7 17. Rb2 Rfa8 18. a3 Nd8 19. Rab1 Bc6 20. Ng5 Bxg2 21. Kxg2 h6 22. Nf3 Nd7 23. Ng1 Qc6+ 24. f3 b6 25. Nh3 Ne6 26. Nf2 Nc7 27. Rb3 b5 28. Nd1 f5 29. Nb2 Nb6 30. cxb5 Rxb5 31. Nc4 Rxb3 32. Rxb3 Nd7 33. Qc1 Nd5 34. Kf2 Rf8 35. Qb2 Nc3 36. Rb7 Nd1+ 0-1

[Event "Regionalliga SO 0607"]
[Site "Bayern"]
[Date "2007.04.22"]
[Round "9.7"]
[White "Huber, Hans"]
[Black "Bauer, Frank"]
[Result "1/2-1/2"]
[WhiteElo "1916"]
[BlackElo "1947"]
[PlyCount "20"]
[EventDate "2006.10.15"]
[EventType "team-tourn"]
[EventRounds "9"]
[EventCountry "GER"]
[SourceTitle "EXT 2008"]
[Source "ChessBase"]
[SourceDate "2007.11.25"]
[SourceVersion "1"]
[SourceVersionDate "2007.11.25"]
[SourceQuality "1"]
[WhiteTeam "Trostberg"]
[BlackTeam "Ebersberg"]
[WhiteTeamCountry "GER"]
[BlackTeamCountry "GER"]

1. Nf3 d5 2. c4 c6 3. g3 e6 4. Bg2 Bd6 5. b3 Qe7 6. Bb2 f5 7. 0-0 Nf6 8. d4 0-0 9. Qc1 Bd7 10. Ba3 Be8 1/2-1/2

[Event "Regionalliga SO 0607"]
[Site "Bayern"]
[Date "2006.12.10"]
[Round "4.8"]
[White "Hock, Martin"]
[Black "Bauer, Frank"]
[Result "0-1"]
[WhiteElo "1959"]
[BlackElo "1947"]
[PlyCount "110"]
[EventDate "2006.10.15"]
[EventType "team-tourn"]
[EventRounds "9"]
[EventCountry "GER"]
[SourceTitle "EXT 2008"]
[Source "ChessBase"]
[SourceDate "2007.11.25"]
[SourceVersion "1"]
[SourceVersionDate "2007.11.25"]
[SourceQuality "1"]
[WhiteTeam "Graefelfing"]
[BlackTeam "Ebersberg"]
[WhiteTeamCountry "GER"]
[BlackTeamCountry "GER"]

1. Nf3 d5 2. b3 Bf5 3. Bb2 e6 4. e3 h6 5. Be2 Nf6 6. c4 c6 7. 0-0 Bd6 8. Nc3 Nbd7 9. h3 0-0 10. d4 Ne4 11. Nxe4 Bxe4 12. Nd2 Qh4 13. Nxe4 Qxe4 14. Bf3 Qh4 15. Qd3 f5 16. a4 Qe7 17. Bd1 Nf6 18. f4 Bb4 19. Bf3 Kh8 20. a5 Bd6 21. c5 Bc7 22. a6 b6 23. cxb6 axb6 24. Rfc1 c5 25. Ba3 Bd6 26. Qb5 Nd7 27. Be2 Rfc8 28. Qa4 Nb8 29. Bb5 Rc7 30. dxc5 bxc5 31. Bb2 Rca7 32. Bc3 Nxa6 33. Bxa6 Rxa6 34. Qb5 Rxa1 35. Rxa1 Rxa1+ 36. Bxa1 Kh7 37. Qd3 Qa7 38. Qc3 Bf8 39. Bb2 Qa6 40. Kf2 Qa7 41. Qc2 Be7 42. g4 g6 43. gxf5 gxf5 44. Kf3 Bf8 45. Qc1 Qb7 46. Qc2 Qb4 47. Qc3 Qxc3 48. Bxc3 Bg7 49. Ba5 e5 50. fxe5 Bxe5 51. b4 Bc3 52. Bb6 cxb4 53. Ba5 Kg6 54. Kf4 Bd2 55. Kf3 b3 0-1

[Event "Regionalliga SO 9798"]
[Site "Bayern"]
[Date "1997.??.??"]
[Round "?.8"]
[White "Bauer, Frank"]
[Black "Rosicki, Hans"]
[Result "0-1"]
[WhiteElo "1895"]
[BlackElo "1830"]
[PlyCount "75"]
[EventDate "1997.10.19"]
[EventType "team-tourn"]
[EventRounds "9"]
[EventCountry "GER"]
[SourceTitle "EXT 2020"]
[Source "ChessBase"]
[SourceDate "2019.10.17"]
[SourceVersion "1"]
[SourceVersionDate "2019.10.17"]
[SourceQuality "1"]
[WhiteTeam "Ebersberg Grafing"]
[BlackTeam "Pfarrkirchen SC"]
[WhiteTeamCountry "GER"]
[BlackTeamCountry "GER"]

1. Nf3 c6 2. d4 d5 3. c4 Nf6 4. Nc3 e6 5. e3 Nbd7 6. Bd3 dxc4 7. Bxc4 b5 8. Bd3 Bb7 9. e4 a6 10. e5 Nd5 11. Nxd5 cxd5 12. 0-0 Be7 13. Bd2 0-0 14. Qe2 h6 15. Ne1 Qb6 16. Qg4 f5 17. exf6 Rxf6 18. Nf3 Raf8 19. Be3 Bd6 20. Rac1 Qd8 21. Qh5 Qe8 22. Qxe8 Rxe8 23. Rc2 e5 24. dxe5 Nxe5 25. Nxe5 Bxe5 26. Rd1 d4 27. Bd2 Bd5 28. b3 Bd6 29. Ba5 Be4 30. Bxe4 Rxe4 31. Rcd2 Bc5 32. f3 Re8 33. Bc7 Bb4 34. Rd3 Rc6 35. Bg3 Rc2 36. Kf1 Bc3 37. Bf2 Rxa2 38. Bxd4 0-1

[Event "Regionalliga SO 9596"]
[Site "Bayern"]
[Date "1995.10.15"]
[Round "1"]
[White "Rosner, Gerhard"]
[Black "Bauer, Frank"]
[Result "1-0"]
[WhiteElo "1980"]
[BlackElo "1870"]
[PlyCount "76"]
[EventDate "1995.10.15"]
[EventType "team-tourn"]
[EventRounds "9"]
[EventCountry "GER"]
[SourceTitle "EXT 1999"]
[Source "ChessBase"]
[SourceDate "1998.11.16"]
[SourceVersion "1"]
[SourceVersionDate "1998.11.16"]
[SourceQuality "1"]
[WhiteTeam "Freilassing"]
[BlackTeam "Ebersberg Grafing"]
[WhiteTeamCountry "GER"]
[BlackTeamCountry "GER"]

1. Nf3 Nf6 2. g3 b6 3. Bg2 Bb7 4. c4 e6 5. b3 c5 6. Bb2 Be7 7. 0-0 0-0 8. Nc3 d6 9. d4 cxd4 10. Nxd4 Bxg2 11. Kxg2 Qc7 12. e4 a6 13. Rc1 Qb7 14. f3 Rd8 15. Qd2 Nbd7 16. Rfd1 Ne5 17. Qe3 Rac8 18. f4 Neg4 19. Qf3 Nh6 20. Ba3 d5 21. Bxe7 dxe4 22. Nxe4 Qxe7 23. Nc6 Rxc6 24. Nxf6+ gxf6 25. Qxc6 Rxd1 26. Rxd1 Qa3 27. Rd2 Qc1 28. Qd6 Qe1 29. Qd3 Kg7 30. Qe2 Qc1 31. Rd1 Qc3 32. Qd2 Qxd2+ 33. Rxd2 b5 34. c5 Nf5 35. c6 Ne7 36. c7 e5 37. Rd7 Nc8 38. Rd8 Nb6 1-0

[Event "Regionalliga SO 9495"]
[Site "Bayern"]
[Date "1994.??.??"]
[Round "?.8"]
[White "Huber, Hans"]
[Black "Bauer, Frank"]
[Result "1/2-1/2"]
[WhiteElo "1990"]
[BlackElo "1800"]
[PlyCount "110"]
[EventDate "1994.10.??"]
[EventType "team-tourn"]
[EventRounds "9"]
[EventCountry "GER"]
[SourceTitle "EXT 1999"]
[Source "ChessBase"]
[SourceDate "1998.11.16"]
[SourceVersion "1"]
[SourceVersionDate "1998.11.16"]
[SourceQuality "1"]
[WhiteTeam "Trostberg TSV"]
[BlackTeam "Ebersberg Grafing"]
[WhiteTeamCountry "GER"]
[BlackTeamCountry "GER"]

1. d4 Nf6 2. Nf3 e6 3. g3 b6 4. Bg2 Bb7 5. 0-0 Be7 6. c4 0-0 7. Nc3 Ne4 8. d5 Nxc3 9. bxc3 Bf6 10. Qb3 Na6 11. Ba3 d6 12. e4 e5 13. Nd2 Rb8 14. Rab1 Qe8 15. Rfe1 Bc8 16. Nf1 Bd7 17. Qc2 Qe7 18. Ne3 g6 19. f4 Nc5 20. Bxc5 bxc5 21. f5 Rb6 22. Bh3 Rfb8 23. Rxb6 axb6 24. Bg4 Ra8 25. h4 h6 26. Rf1 Bc8 27. fxg6 fxg6 28. Bxc8 Rxc8 29. Ng4 Bg7 30. Qa4 h5 31. Ne3 Qe8 32. Qc6 Bh6 33. Nd1 Kg7 34. Qxe8 Rxe8 35. Kf2 Ra8 36. Kf3 Rxa2 37. Rf2 Rxf2+ 38. Nxf2 Kf6 39. g4 hxg4+ 40. Nxg4+ Kg7 41. Nf2 Bd2 42. Nd1 Be1 43. Kg4 Kh6 44. Ne3 Bxc3 45. Nc2 Bb4 46. Ne3 Kg7 47. h5 gxh5+ 48. Kxh5 Kf7 49. Nc2 Kg7 50. Kg5 Kf7 51. Kf5 Ke7 52. Kg6 Kd7 53. Kf6 c6 54. dxc6+ Kxc6 55. Ke6 b5 1/2-1/2